| 000 | 01864cam a22003137i 4500 | ||
|---|---|---|---|
| 001 | 113658 | ||
| 003 | DR-UNIBE | ||
| 005 | 20251113134404.0 | ||
| 008 | 210813t20202020moua b 001 0 eng | ||
| 016 | 7 |
_a019673300 _2Uk |
|
| 020 |
_a9780323638784 _q(hardcover) |
||
| 020 |
_a0323638783 _q(hardcover) |
||
| 040 |
_aCPX _beng _cCPX _erda _dCPX _dMDU _dHMS _dMHD _dOCLCO _dNEH _dOCLCF _dUKMGB _dYDXIT _dYDX _dOCLCA _dUBY _dOCLCQ _dLUN _dOCLCO _dDLC |
||
| 041 | _aeng | ||
| 082 | 0 | 4 |
_a611.314 N424w _223 |
| 100 | 1 |
_aNelson, Stanley J., _eauthor. _9195794 |
|
| 245 | 1 | 0 |
_aWheeler's dental anatomy, physiology, and occlusion / _cStanley J. Nelson |
| 246 | 3 | _aDental anatomy, physiology, and occlusion | |
| 250 | _aUndécima edición | ||
| 260 |
_a Missouri : _bElsevier, _c2020 |
||
| 300 |
_aviii, 328 páginas : _bilustraciones |
||
| 504 | _aIncluye referencias bibliográficas e índice | ||
| 505 | _a1. Introduction to dental anatomy | 2. Development and eruption of the teeth | 3. The primary (deciduous) teeth | 4. Forensics, comparative anatomy, geometries, and form and function | 5. Orofacial complex : form and function | 6. The permanent maxillary incisors | 7. The permanent mandibular incisors | 8. The permanent canines : maxillary and mandibular | 9. The permanent maxillary premolars | 10. The permanent mandibular premolars | 11. The permanent maxillary molars | 12. The permanent mandibular molars | 13. Pulp chambers and canals | 14. Dento-osseous structures, blood vessels, and nerves | 15. The temporomandibular joints, muscles, teeth, and their functions | 16. Occlusion | 17. Clinical application of dental anatomy, physiology, and occlusion | | ||
| 650 | 7 |
_aDientes _2lemb |
|
| 650 | 7 |
_aOclusión (Odontología) _2lemb _94 |
|
| 650 | 7 |
_aDientes _xAnatomía _2lemb _9200776 |
|
| 650 | 7 |
_aOclusión dental _2lemb |
|
| 942 |
_2ddc _cBK-RES |
||
| 999 |
_c113658 _d113658 |
||